| 000 | 00953nam a22002535i 4500 | ||
|---|---|---|---|
| 001 | 167263 | ||
| 003 | ES-MaACL | ||
| 005 | 20250818063106.0 | ||
| 008 | 971118q18701925sp |||| | spa d | ||
| 040 |
_aAR _bspa _cAR |
||
| 100 | 1 |
_aVerne, Jules, _d1828-1905 _9188654 |
|
| 245 | 1 | 0 |
_aAventuras de tres rusos y de tres ingleses en el África austral / _cobra escrita en francés por Julio Verne ; versión española. |
| 250 | _aEdición ilustrada con grabados. | ||
| 260 |
_aMadrid : _bSaenz de Jubera, hermanos, _c[s.a.] ( _fSucesores de Rivadeneyra) |
||
| 300 |
_a79 p. : _bil. ; _c27 cm. |
||
| 596 | _aSáenz de Jubera, Hermanos, ejercen ca. 1870-1925. | ||
| 596 | _aGrabado xil. en port. | ||
| 597 | _aTexto a dos col. | ||
| 597 | _aPort. en varias tintas. | ||
| 597 | _aAntep. | ||
| 752 |
_aEspaña - _dMadrid |
||
| 852 |
_aES-MaACL _jB-12400(6) _z-- Enc. ed. en tela roja con planchas polícromas |
||
| 999 |
_c167263 _d167263 |
||